000 00724nam a2200241Ia 4500
003 OSt
005 20221005115631.0
006 a|||||r|||| 00| 0
007 ta
008 221004b |||||||| |||| 00| 0 eng d
024 _a52372
037 _cTextual
040 _aCRL
_cCRL
_beng
041 _2eng
_aeng
082 _aQ6, J1
100 _aSchweitzer Albert
245 0 _aChristianity and the religions of the world
_b Lectures delivered at the Selly Oak Colleges, Birmingham, 1922, tr. by Johanna Powers
260 _c1951
490 _a(Selly oak colleges,ed. by w.fearon Halliday,etc.eds.,3).
650 _aRELIGION
942 _hQ6, J1
_cTEXL
_2cc
999 _c1035463
_d1035463